Представление документа в формате MARC21

Поле Инд. ПП Название Значение
Тип записи a
Библиографический уровень b
001 Контрольный номер RU/IS/BASE/287580516
005 Дата корректировки 20200522191306.5
008 Кодируемые данные 20090210
040 b Код языка каталог. rus
e Правила каталог. PSBO
041 0_ a Код языка текста rus
084 a Индекс другой классификации/Индекс ББК 65.052.8
100 1_ a Автор Солодов А.
245 10 a Заглавие О снижении полезного эффекта обязательного аудита в связи с его неполным соответствием целям современного бизнеса и процессам глобализации
504 a Библиография Лит. в конце статьи
650 a Основная рубрика аудит
a Основная рубрика экономика
653 1_ a Ключевые слова аудиторские риски
a Ключевые слова глобализация бизнеса
a Ключевые слова глобализация экономики
a Ключевые слова нормативная база
a Ключевые слова обязательный аудит
773 0_ t Заглавие источника РИСК: ресурсы, информация, снабжение, конкуренция
d Дата издания источника 2008
g Прочая информация № 4. - С. 108 - 113 : табл.
w Контрольный № источника RU/IS/BASE/286471778
901 t Тип документа b